000 00781nam a2200265 i 4500
001 C2-0300861
003 PPAK
005 20210926105529.0
008 091124s2008 my a j | 0 1 may d
020 _a9789673021741
_cpaperback
040 _aPPAK
_beng
_cPPAK
_erda
082 0 4 _a899.233
_223
090 0 0 _a899.233
_bNIR
_dK
100 0 _aNir Shahmer,
_eauthor.
245 1 0 _aDiperdaya langsuir /
_cNir Shahmer
264 1 _aBatu Caves, Selangor :
_bKiddibird,
_c2008
300 _a16 pages :
_bcolour illustrations ;
_c21 cm
336 _2rdacontent
_atext
337 _2rdamedia
_aunmediated
338 _2rdacarrier
_avolume
490 1 _aSiri cerita seram Kiddibird
650 1 0 _aChildren stories, Malay.
830 0 _aSiri cerita seram Kiddibird
942 _cB
_2ddc
999 _c104686
_d104686